000 00452nam a22001817a 4500
999 _c6324
_d6322
005 20210825155906.0
008 200520b xxu||||| |||| 00| 0 eng d
020 _a9789374735623
041 _aeng
082 _a615.32 KHA
100 _aKHAITAN,Dr. MALTI
_95660
245 _aphoolo se swaswth Indian flower remaideis
250 _a1'st
260 _aDelhi
_bAITBS PUBLISHERS
_c2015
300 _a311 XII
650 _aPharmacy
_96653
942 _cBK